US Historical Figures from Money Portraits Quiz Stats

 Plays Quiz Updated Aug 17, 2013

Support Sporcle.
Go Orange.
Score 0/21 Timer 04:00
0 Plays Today
% Correct
Abraham Lincoln ($5)
95%
John F. Kennedy (50¢)
95%
Abraham Lincoln (1¢)
94.8%
George Washington ($1)
93.5%
Benjamin Franklin ($100)
92.5%
George Washington (25¢)
89.7%
Benjamin Franklin (50¢)
87%
Andrew Jackson ($20)
85.4%
Dwight Eisenhower ($1)
83.5%
Ulysses S. Grant ($50)
82.9%
Thomas Jefferson (5¢)
82%
% Correct
Susan B. Anthony ($1)
78.1%
Franklin Roosevelt (10¢)
73.8%
Woodrow Wilson ($100,000)
66.6%
Sacagawea & son ($1)
66.6%
Alexander Hamilton ($10)
59.8%
Thomas Jefferson ($2)
58.5%
James Madison ($5000)
56.4%
Grover Cleveland ($1000)
50.4%
William McKinley ($500)
37.7%
Salmon P. Chase ($10,000)
17.5%

From the Vault

Largest City State Capitals

by naqwerty3

These state capitals are large and in charge.
Remove Ads.
Support Sporcle.
Get the best of Sporcle when you Go Orange. This ad-free experience offers more features, more stats, and more fun while also helping to support Sporcle. Thank you for becoming a member.

Show Comments

Extras

Top Quizzes Today


Score Distribution

Your Account Isn't Verified!

In order to create a playlist on Sporcle, you need to verify the email address you used during registration. Go to your Sporcle Settings to finish the process.

Report this User

Report this user for behavior that violates our Community Guidelines.

Details: